Behavior in organizations (Record no. 2825)

MARC details
000 -LEADER
fixed length control field 01380cam a2200181 a 4500
020 ## - INTERNATIONAL STANDARD BOOK NUMBER
ISBN 9780131542846
050 ## - CALL NUMBER
Classification number HD58.7
Item number .G7176
100 ## - AUTHOR
Personal name Greenberg, Jerald.
245 ## - TITLE
Title Behavior in organizations
Statement of responsibility, etc Jerald Greenberg, Robert A. Baron.
250 ## - EDITION
Edition statement 9th ed.
260 ## - PUBLICATION INFORMATION
Place of publication Upper Saddle River, N.J. :
Name of publisher Pearson Prentice Hall,
Year of publication 2008.
300 ## - DESCRIPTION
Number of Pages xxiv, 775 p. :
Other physical details ill.
Dimensions 29 cm.
500 ## - NOTES
General note Includes index.
505 ## - FORMATTED CONTENTS NOTE
Table of Content The field of organizational behavior -- Organizational justice, ethics, and corporate social responsibility -- Perception and learning: understanding and adapting to the work environment -- Individual differences: personality, skills, and abilities -- Coping with organizational life: emotions and stress -- Work-related attitudes: prejudice, job satisfaction, and organizational commitment -- Motivation in organizations -- Group dynamics and work teams -- Communication in organizations -- Decision making in organizations -- Conflict, cooperation, trust, and deviance: interpersonal behavior at work -- Power: its uses and abuses in organizations -- Leadership in organizations -- Organizational culture, creativity, and innovation -- Organizational structure and design -- Managing organizational change: strategic planning and organizational development.<br/>
650 ## - SUBJECTS
Topical Term Organizational behavior.
700 ## - OTHER AUTHORS
Personal name Baron, Robert A.
942 ## - ADDED ENTRY ELEMENTS (KOHA)
Koha item type Books
Holdings
Withdrawn status Lost status Home library Current library Shelving location Date acquired Full call number Accession Number Koha item type
    Methodist University Library Tema Methodist University Library Tema General Stacks 23/07/2014 HD58.7 .G7176 39908 Books
Copyright © 2026  MUG Library